000 00686cab a2200205 4500
001 ABS42984
008 090401t1990 xxu||||| |||| 00| 0 eng d
035 _a(Sirsi) u39806
041 _aeng
100 _aJenkins, P.
245 _aVAT treatment of land and property
260 _c1990
350 _a0
490 _aTaxation
_v125(3254) 7 June 1990, 264-268(5)
520 _aIdentifies and examines the main problems in the new VAT rules on land and property , by analysing the guidance given by Customs and Excise and comparing it with UK and EC legislation where appropriate.
650 _aNON-DOMESTIC BUILDINGS
690 _aTAXATION
942 _n0
948 _c04/03/1997
999 _c25482
_d25482